000 00671nam a22002537a 4500
003 UA-OsUOA
001 22174
007 ta
008 20031217b un ||||| |||| 00| 0 ukr d
100 _aЛешкевич Т.Г.
090 _a110:001(075)
_bЛ53
942 _cBK
040 _aUA-OsUOA
_brus
_cUA-OsUOA
_dUA-OsUOA
245 _aФилософия науки: Традиции и новации
_bУчебное пособие для вузов
300 _a428 с.
955 _a0
041 _arus
080 _a110:001(075)
020 _a5-7990-0477-9
260 _aМосква
_bПРИОРИ
_c2001
044 _aRU
650 7 _2UDC
999 _c308389
_d308389